[Event "Udaipur Lakecity rapid op 1st"]
[Site "Udaipur"]
[Date "2019.09.15"]
[Round "8"]
[White "Sahib, Singh"]
[Black "Praveen, Kumar"]
[Result "1-0"]
[WhiteElo "1556"]
[BlackElo "2023"]
[PlyCount "103"]
[EventDate "2019.09.14"]
[EventType "swiss (rapid)"]
[EventRounds "9"]
[EventCountry "IND"]
[SourceTitle "EXT 2020"]
[Source "ChessBase"]
[SourceDate "2019.10.17"]
[SourceVersion "1"]
[SourceVersionDate "2019.10.17"]
[SourceQuality "1"]

1. e4 d6 2. d4 Nf6 3. Nc3 g6 4. f4 Bg7 5. Nf3 0-0 6. Be2 Nbd7 7. e5 Ne8 8. 0-0 c5 9. dxc5 Nxc5 10. Be3 Ne6 11. Qe1 Bd7 12. Rd1 Bc6 13. Nd4 Nxd4 14. Bxd4 Qa5 15. Bf3 dxe5 16. fxe5 Nc7 17. Nd5 Qxe1 18. Nxe7+ Kh8 19. Rdxe1 Bxf3 20. Rxf3 Ne6 21. Bc3 Rad8 22. Ref1 Ng5 23. Rd3 Rxd3 24. cxd3 Rd8 25. h4 Ne6 26. Rxf7 Rxd3 27. Nc8 b5 28. Re7 Nf8 29. Nd6 a6 30. Rxg7 Kxg7 31. e6+ Rxc3 32. e7 Re3 33. e8Q Rxe8 34. Nxe8+ Kh6 35. Nc7 Kh5 36. Nxa6 Kxh4 37. Nc7 b4 38. Nd5 b3 39. axb3 Ne6 40. b4 Nd4 41. Kf2 h5 42. Nc7 Nf5 43. b5 Nd6 44. b6 Kg4 45. Ne6 Nb7 46. b4 h4 47. Nc5 Nd6 48. b7 Nxb7 49. Nxb7 h3 50. gxh3+ Kxh3 51. b5 g5 52. Nd6 1-0